LEADER 01177cam--2200349---450 001 990003389140203316 005 20200605135207.0 010 $a978-88-7018-754-0 035 $a000338914 035 $aUSA01000338914 035 $a(ALEPH)000338914USA01 100 $a20100420d2009----km y1itay5003----ba 101 1 $aita$cfre 102 $aIT 200 1 $aSaggio sull'arte di strisciare$ead uso dei cortigiani$efacezia filosofica tratta dai manoscritti del defunto barone d'Holbach$ftraduzione di Emanuela Schiano di Pepe 210 $aGenova$cIl melangolo$d2009 215 $a26 p.$c1 ritr.$d16 cm 225 2 $aNugae$v159 410 0$12001$aNugae$v, 159 454 1$12001$aEssai sur l'art de ramper, à l'usage des courtisans$91742736 606 0 $aCortigiani$2BNCF 676 $a945 700 1$aHOLBACH,$bPaul Henri : Dietrich, baron d'$0452397 801 0$aIT$bsalbc$gISBD 912 $a990003389140203316 951 $aXVII A.MISC. 692$b9078 DLAS$cXVII A.MISC.$d00157196 951 $a100 190 HOL$b15273 DISES 959 $aBK 969 $aCAS 969 $aDISES 996 $aEssai sur l'art de ramper, à l'usage des courtisans$91742736 997 $aUNISA LEADER 01125nam a22003255i 4500 001 991002219529707536 007 cr nn 008mamaa 008 121227s2004 de | s |||| 0|eng d 020 $a9783540444756 035 $ab14139881-39ule_inst 040 $aBibl. Dip.le Aggr. Matematica e Fisica - Sez. Matematica$beng 082 04$a512.7$223 084 $aAMS 11F52 084 $aAMS 11G05 084 $aAMS 11H52 100 1 $aBrown, Martin L.$0108816 245 10$aHeegner modules and elliptic curves$h[e-book] /$cby Martin L. Brown 260 $aBerlin :$bSpringer,$c2004 300 $a1 online resource (x, 518 p.) 440 0$aLecture Notes in Mathematics,$x1617-9692 ;$v1849 650 0$aMathematics 650 0$aGeometry, algebraic 650 0$aNumber theory 773 0 $aSpringer eBooks 856 40$uhttp://dx.doi.org/10.1007/b98488$zAn electronic book accessible through the World Wide Web 907 $a.b14139881$b03-03-22$c05-09-13 912 $a991002219529707536 996 $aHeegner modules and elliptic curves$9262236 997 $aUNISALENTO 998 $ale013$b05-09-13$cm$d@ $e-$feng$gde $h0$i0